[Event "SPICE Cup Open 2017"]
[Site "Saint Louis USA"]
[Date "2017.10.23"]
[Round "5.5"]
[White "Barcenilla, Rogelio"]
[Black "Nyzhnyk, Illya"]
[Result "0-1"]
[WhiteTitle "GM"]
[BlackTitle "GM"]
[WhiteElo "2446"]
[BlackElo "2594"]
[WhiteFideId "5200059"]
[BlackFideId "14118084"]
[EventDate "2017.10.21"]

1. c4 e6 2. Nf3 Nf6 3. b3 d5 4. Bb2 Bd6 5. Qc2 Nbd7 6. d4 c6 7. Nbd2 Qe7 8. e3
e5 9. cxd5 Nxd5 10. a3 Bc7 11. e4 N5f6 12. d5 Nb8 13. Nc4 cxd5 14. exd5 Nxd5 15.
O-O-O Be6 16. Ncxe5 O-O 17. Bc4 Bxe5 18. Nxe5 Rc8 19. Rd2 Na6 20. Rhd1 b5 21.
Rxd5 Bxd5 22. Rxd5 bxc4 23. Nxc4 Nc5 24. Re5 Qh4 25. Kb1 Nxb3 26. Qxb3 Rxc4 27.
g3 Qg4 28. Qe3 Qg6+ 29. Ka1 h6 30. Re7 Rb8 31. Qe5 Rc1+ 0-1

[Event "SPICE Cup Open 2017"]
[Site "Saint Louis USA"]
[Date "2017.10.23"]
[Round "5.6"]
[White "Rambaldi, Francesco"]
[Black "Chandra, Akshat"]
[Result "1/2-1/2"]
[WhiteTitle "GM"]
[BlackTitle "GM"]
[WhiteElo "2574"]
[BlackElo "2483"]
[WhiteFideId "20657307"]
[BlackFideId "25006711"]
[EventDate "2017.10.21"]

1. d4 Nf6 2. c4 e6 3. Nf3 d5 4. Nc3 c6 5. cxd5 exd5 6. Bg5 Be6 7. Qb3 Nbd7 8. e3
c5 9. Bxf6 Nxf6 10. Qxb7 Rb8 11. Qxa7 c4 12. Qa4+ Bd7 13. Qc2 Qb6 14. Rb1 g6 15.
Ne5 Bb4 16. Nxd7 Kxd7 17. Rc1 Ba5 18. g3 Qxb2 19. Bh3+ Kd6 20. O-O Qxc2 21. Rxc2
Bxc3 22. Rxc3 Rb2 23. Bg2 1/2-1/2

[Event "SPICE Cup Open 2017"]
[Site "Saint Louis USA"]
[Date "2017.10.23"]
[Round "5.7"]
[White "Sevian, Samuel"]
[Black "Yermolinsky, Alex"]
[Result "1-0"]
[WhiteTitle "GM"]
[BlackTitle "GM"]
[WhiteElo "2615"]
[BlackElo "2490"]
[WhiteFideId "2040506"]
[BlackFideId "2005492"]
[EventDate "2017.10.21"]

1. e4 c5 2. Nf3 Nc6 3. d4 cxd4 4. Nxd4 Qb6 5. Nb3 Nf6 6. Nc3 e6 7. Qe2 Bb4 8.
Bd2 O-O 9. a3 Be7 10. Be3 Qc7 11. f4 d5 12. e5 Nd7 13. Qg4 b6 14. Bb5 Nc5 15.
Nd4 Nxd4 16. Bxd4 f5 17. Qh3 Ne4 18. O-O Bc5 19. Ne2 a5 20. Qe3 Bd7 21. Bd3 Rfc8
22. Rac1 b5 23. Bxe4 fxe4 24. c3 Be7 25. g4 Rf8 26. Ng3 Bh4 27. Nh5 Be8 28. Qh3
Bxh5 29. Qxh4 Bg6 30. Rf2 Qc4 31. Re1 Qd3 32. Re3 Qb1+ 33. Kg2 h6 34. h3 b4 35.
Qe7 bxa3 36. bxa3 Rfe8 37. Qh4 Rf8 38. Qe7 Rfe8 39. Qd7 Rad8 40. Qa4 Rb8 41. f5
exf5 42. Qd7 Rbd8 43. Qc6 Kh7 44. gxf5 Bh5 45. Rf1 Qa2+ 46. Kg3 Rc8 47. Qd6 Rcd8
48. Qa6 Ra8 49. Qc6 Rac8 50. Qd7 Rcd8 51. Qa4 Bf3 52. Rfxf3 exf3 53. Rxf3 Qd2
54. Qc6 Qg5+ 55. Kh2 Rb8 56. c4 dxc4 57. Qe4 Kh8 58. Rg3 Qd2+ 59. Rg2 Qd3 60.
Qg4 Rg8 61. e6 Rb7 62. f6 1-0

[Event "SPICE Cup Open 2017"]
[Site "Saint Louis USA"]
[Date "2017.10.23"]
[Round "5.8"]
[White "Prohaszka, Peter2"]
[Black "Sturt, Raven"]
[Result "1/2-1/2"]
[WhiteTitle "GM"]
[WhiteElo "2614"]
[BlackElo "2446"]
[WhiteFideId "726265"]
[BlackFideId "2007304"]
[EventDate "2017.10.21"]

1. d4 d5 2. Bf4 Nf6 3. e3 e6 4. Nf3 Bd6 5. Bg3 b6 6. Bd3 Bb7 7. Nbd2 Nbd7 8. Ne5
O-O 9. O-O Ne4 10. Nxe4 dxe4 11. Bb5 Nxe5 12. dxe5 Be7 13. Qg4 Qd5 14. Ba4 Qc5
15. Rfd1 Rad8 16. c3 b5 17. Bc2 b4 18. Bxe4 Bxe4 19. Qxe4 bxc3 20. bxc3 Rxd1+
21. Rxd1 Qxc3 22. h4 Qc5 23. Kh2 a5 24. Rd4 Rd8 25. Rc4 Qb6 26. Rc6 Qb7 27. Qc4
Rc8 28. Qc2 Bf8 29. e4 Qb4 30. Bf4 Qe1 31. Kg3 h5 32. Qd3 a4 33. Rc1 Qa5 34. Qd7
Qa6 35. Rc6 Qb7 36. Kh2 Qb5 37. Rxc7 Qxd7 38. Rxd7 Rc2 39. Rd2 Rxd2 40. Bxd2 Be7
41. g3 Kf8 42. Kg2 Ke8 43. Kf3 Kd7 44. Ke2 Kc6 45. Kd3 Kb5 46. f3 g6 47. Be1 Bd8
48. g4 Bc7 49. Bc3 Bd8 50. g5 Bb6 51. Be1 Bc7 52. Bc3 Bb6 53. Be1 Bc7 54. f4 Bb6
55. f5 Bc7 56. Bc3 Bb6 57. Bd4 Ba5 58. Bc3 Bb6 59. Bd4 Ba5 60. Bc3 Bb6 61. Bd4 1/2-1/2

[Event "SPICE Cup Open 2017"]
[Site "Saint Louis USA"]
[Date "2017.10.23"]
[Round "5.10"]
[White "Liang, Awonder"]
[Black "Jacobson, Brandon"]
[Result "1-0"]
[WhiteTitle "GM"]
[BlackTitle "FM"]
[WhiteElo "2554"]
[BlackElo "2396"]
[WhiteFideId "2056437"]
[BlackFideId "30901561"]
[EventDate "2017.10.21"]

1. e4 c6 2. Nc3 d5 3. Nf3 dxe4 4. Nxe4 Nf6 5. Qe2 Bg4 6. h3 Bh5 7. Nxf6+ gxf6 8.
d3 e6 9. g4 Bg6 10. Bg2 Rg8 11. Bd2 Na6 12. a3 Nc5 13. Be3 Na4 14. Nh4 f5 15.
Nxg6 hxg6 16. d4 Nb6 17. O-O-O Nd5 18. Bd2 b5 19. h4 Qd7 20. Kb1 fxg4 21. Qxg4
Rb8 22. Bxd5 Qxd5 23. h5 Bd6 24. h6 Kd7 25. Bb4 a5 26. Bxd6 Qxd6 27. Qf3 Ke7 28.
Rh4 Qd5 29. Qg3 Rb7 30. h7 Rh8 31. Re1 Qf5 32. Re5 Qf6 33. Rc5 Kf8 34. Rf4 Qg7
35. Rxc6 Qxh7 36. Rc8+ Kg7 37. Rxf7+ 1-0

[Event "SPICE Cup Open 2017"]
[Site "Saint Louis USA"]
[Date "2017.10.23"]
[Round "5.11"]
[White "Cordova, Emilio"]
[Black "Grabinsky, Aaron"]
[Result "1/2-1/2"]
[WhiteTitle "GM"]
[WhiteElo "2608"]
[BlackElo "2366"]
[WhiteFideId "3801497"]
[BlackFideId "2087090"]
[EventDate "2017.10.21"]

1. d4 e6 2. Nf3 Nf6 3. c4 Bb4+ 4. Nc3 c5 5. e3 Nc6 6. Bd3 Bxc3+ 7. bxc3 d6 8.
Nd2 e5 9. Nb3 b6 10. O-O O-O 11. h3 e4 12. Bc2 Ba6 13. Nd2 d5 14. Ba3 Na5 15.
dxc5 Nxc4 16. Nxc4 Bxc4 17. cxb6 Bxf1 18. Qxf1 Qxb6 19. Bxf8 Rxf8 20. Bb3 Rc8
21. Rb1 Qc5 22. Qa6 h6 23. Rd1 Rc7 24. Qa4 g6 25. Rc1 Kg7 26. Rc2 Nd7 27. Qd4+
Qxd4 28. cxd4 Rxc2 29. Bxc2 f5 30. f3 Kf6 31. Kf2 Nb6 32. g4 Kg5 33. Kg3 Nc4 34.
h4+ Kf6 35. Kf2 Nd2 36. gxf5 gxf5 37. fxe4 fxe4 38. Kg3 a5 39. Ba4 Nc4 40. Kf4
Nb6 41. Bb5 Ke6 42. Kg4 1/2-1/2

[Event "SPICE Cup Open 2017"]
[Site "Saint Louis USA"]
[Date "2017.10.23"]
[Round "5.12"]
[White "Kannappan, Priyadharshan"]
[Black "Heimann, Mark"]
[Result "1-0"]
[WhiteTitle "GM"]
[BlackTitle "FM"]
[WhiteElo "2516"]
[BlackElo "2363"]
[WhiteFideId "5018293"]
[BlackFideId "2028441"]
[EventDate "2017.10.21"]

1. e4 e6 2. d4 d5 3. Nd2 c5 4. Ngf3 cxd4 5. exd5 Qxd5 6. Bc4 Qd6 7. O-O Nf6 8.
Nb3 Nc6 9. Nbxd4 Nxd4 10. Nxd4 a6 11. Re1 Qc7 12. Qe2 Bd6 13. Bg5 Bxh2+ 14. Kh1
Bf4 15. Bxf6 gxf6 16. Bxe6 O-O 17. Bf5 Kh8 18. Qf3 Bxf5 19. Nxf5 Rae8 20. g3 Bd2
21. Rxe8 Rxe8 22. Nd4 Qb6 23. Nb3 Bg5 24. Kg2 Kg7 25. Rd1 Qb5 26. Rd5 Qa4 27. a3
Re5 28. Rd4 Qe8 29. Rd1 Qb5 30. Nd4 Qxb2 31. Nf5+ Kf8 32. Rd8+ Re8 33. Qe4 Qe5
34. Qb4+ Kg8 35. Ne7+ 1-0

[Event "SPICE Cup Open 2017"]
[Site "Saint Louis USA"]
[Date "2017.10.23"]
[Round "5.13"]
[White "Quintiliano Pinto, Renato R."]
[Black "Peng, David"]
[Result "0-1"]
[WhiteTitle "IM"]
[BlackTitle "FM"]
[WhiteElo "2451"]
[BlackElo "2330"]
[WhiteFideId "2117568"]
[BlackFideId "2059355"]
[EventDate "2017.10.21"]

1. d4 Nf6 2. c4 e6 3. Nf3 b6 4. g3 Bb7 5. Bg2 Be7 6. O-O O-O 7. Re1 d5 8. cxd5
exd5 9. Nc3 Nbd7 10. Bf4 Ne4 11. Rc1 c5 12. dxc5 Nxc3 13. Rxc3 bxc5 14. Qb3 Nb6
15. Rcc1 d4 16. Red1 Qe8 17. Qc2 Nd5 18. Ng5 g6 19. Bd2 Qb5 20. Qd3 a6 21. b3
Qb6 22. Nf3 Bf6 23. Qc4 Nc3 24. Bxc3 dxc3 25. Ne1 Rfd8 26. Rxd8+ Rxd8 27. Bxb7
Qxb7 28. Nd3 Qe7 29. Qxa6 Qxe2 30. Qxf6 Rxd3 31. Kg2 Qe4+ 32. f3 Qe2+ 33. Kh3
Rxf3 34. Qd8+ Kg7 35. Qd1 Qe4 36. Qc2 Rd3 0-1

[Event "SPICE Cup Open 2017"]
[Site "Saint Louis USA"]
[Date "2017.10.23"]
[Round "5.14"]
[White "Wang, Justin"]
[Black "Patel, Advait"]
[Result "0-1"]
[BlackTitle "IM"]
[WhiteElo "2254"]
[BlackElo "2448"]
[WhiteFideId "30911370"]
[BlackFideId "2075105"]
[EventDate "2017.10.21"]

1. e4 e5 2. Nf3 Nc6 3. Bb5 a6 4. Ba4 Nf6 5. d3 b5 6. Bb3 Bc5 7. a4 Rb8 8. axb5
axb5 9. O-O O-O 10. h3 h6 11. Nc3 d6 12. Ne2 Re8 13. Ng3 d5 14. exd5 Nxd5 15. c3
Bf8 16. d4 e4 17. Ne5 Nxe5 18. dxe5 Bb7 19. Qd4 Nb6 20. e6 fxe6 21. Qxd8 Rbxd8
22. Ra7 Bd5 23. Bxd5 exd5 24. Rxc7 Nc4 25. Rb7 b4 26. Rd1 Ne5 27. Nh5 Nd3 28.
Nf4 d4 29. cxd4 Rxd4 30. Be3 Nxf4 31. Rxd4 Ne2+ 32. Kf1 Nxd4 33. Bxd4 Rd8 34.
Be3 Rc8 35. Bd4 Rc4 36. Rd7 Rc2 37. Be5 g5 38. g3 Bc5 39. Rg7+ Kf8 40. Rc7 Rxf2+
41. Ke1 Be3 42. Rc4 Rh2 43. Rxe4 Bc5 44. h4 Kf7 45. hxg5 hxg5 46. Rc4 Be3 0-1

[Event "SPICE Cup Open 2017"]
[Site "Saint Louis USA"]
[Date "2017.10.23"]
[Round "5.15"]
[White "Rosenthal, Nicholas"]
[Black "Kavutskiy, Konstantin"]
[Result "0-1"]
[BlackTitle "IM"]
[WhiteElo "2164"]
[BlackElo "2390"]
[WhiteFideId "2045150"]
[BlackFideId "2026384"]
[EventDate "2017.10.21"]

1. e4 c5 2. Nf3 e6 3. d3 Nc6 4. g3 Nf6 5. Bg2 Be7 6. O-O O-O 7. c3 d6 8. Qe2 e5
9. Rd1 Qc7 10. Na3 Re8 11. h3 h6 12. d4 exd4 13. cxd4 Bf8 14. dxc5 d5 15. Bf4
Qa5 16. Nd2 Nd4 17. Qd3 Bxc5 18. exd5 Bf5 19. Qf1 Ne2+ 20. Kh2 Nxf4 21. Ndc4 Qb4
22. gxf4 b5 23. Ne3 Qxf4+ 24. Kg1 Bd6 25. Qxb5 Rxe3 26. fxe3 Qxe3+ 27. Kh1 Qg3
28. Kg1 Bxh3 0-1

[Event "SPICE Cup Open 2017"]
[Site "Saint Louis USA"]
[Date "2017.10.23"]
[Round "5.16"]
[White "Mathur, Rithwik"]
[Black "Rahul, Srivatshav P"]
[Result "0-1"]
[WhiteElo "1986"]
[BlackElo "2373"]
[WhiteFideId "30913667"]
[BlackFideId "25059653"]
[EventDate "2017.10.21"]

1. d4 Nf6 2. c4 g6 3. f3 Bg7 4. e4 d6 5. Ne2 O-O 6. Be3 e5 7. d5 c6 8. Nbc3 cxd5
9. cxd5 Bd7 10. a4 Na6 11. Nc1 Nh5 12. g4 Nf4 13. Nd3 f5 14. gxf5 gxf5 15. Qd2
fxe4 16. fxe4 Bg4 17. Rg1 Qh4+ 18. Nf2 Bh5 19. Ne2 Nc5 20. Bxc5 dxc5 21. Ng3
Qxh2 22. Nh3 Qxd2+ 23. Kxd2 Bg6 24. Re1 Bh6 25. Kd1 Kh8 26. Rh1 Rad8 27. Ng1 Kg7
28. Nh3 Nxd5 0-1

[Event "SPICE Cup Open 2017"]
[Site "Saint Louis USA"]
[Date "2017.10.23"]
[Round "5.17"]
[White "Baginskaite, Camilla"]
[Black "Williams, Justus"]
[Result "0-1"]
[WhiteTitle "WGM"]
[BlackTitle "FM"]
[WhiteElo "2140"]
[BlackElo "2371"]
[WhiteFideId "2014599"]
[BlackFideId "2049929"]
[EventDate "2017.10.21"]

1. d4 Nf6 2. Nf3 e6 3. c4 d5 4. Bg5 Bb4+ 5. Nc3 O-O 6. e3 c5 7. a3 Bxc3+ 8. bxc3
Qa5 9. Qc2 Ne4 10. Bd3 cxd4 11. Be7 Re8 12. Bb4 Qc7 13. cxd4 Nd7 14. a4 Ndf6 15.
O-O b6 16. Rfc1 Ba6 17. Ne5 Rac8 18. f3 Nc5 19. Bxc5 bxc5 20. cxd5 Bxd3 21. Qxd3
Qd6 22. dxe6 Qxe6 23. Qc4 Nd5 24. e4 Nf4 25. Qxe6 Nxe6 26. dxc5 Nf4 27. Ng4 Ne2+
28. Kf2 Nxc1 29. Rxc1 Re6 30. Ke3 Rec6 31. Kd4 Rd8+ 32. Ke3 f6 33. Nf2 Kf7 34.
Nd3 Rb8 35. Kd4 Ke6 36. f4 Ra6 37. Rc4 Kd7 38. Kd5 Kc7 39. e5 Rd8+ 40. Ke4 fxe5
41. Nxe5 Rd2 42. Kf3 Re6 43. c6 Re8 44. h4 Rb8 45. g4 g6 46. Ke3 Rh2 47. Rd4
Rxh4 48. Rd7+ Kb6 49. a5+ Kc5 50. c7 Rh3+ 51. Kf2 Rc8 52. g5 Kb5 53. Kg2 Rh5 54.
Nf7 Kc6 55. Ne5+ Kb7 56. Rd6 Rxc7 57. a6+ Kc8 58. Nc6 Rf7 59. Kg3 Kc7 60. Re6
Kd7 61. Nd4 Rh1 62. Re4 Kd6 63. Nb5+ Kc6 64. Re5 Rg1+ 65. Kf2 Rd1 66. Nc3 Rd3
67. Ne2 Rd6 68. Ra5 Kb6 69. Ra2 Rc7 70. Ke3 Re7+ 71. Kf3 Kb5 72. Ra1 Rd3+ 0-1

[Event "SPICE Cup Open 2017"]
[Site "Saint Louis USA"]
[Date "2017.10.23"]
[Round "5.18"]
[White "Young, Angelo"]
[Black "Easton, Jack"]
[Result "1-0"]
[WhiteTitle "IM"]
[WhiteElo "2292"]
[BlackElo "2162"]
[WhiteFideId "5200490"]
[BlackFideId "30900069"]
[EventDate "2017.10.21"]

1. d4 d5 2. Nf3 Nf6 3. g3 Bf5 4. Bg2 c6 5. c4 e6 6. O-O Nbd7 7. Nfd2 Be7 8. Nc3
O-O 9. b3 Rc8 10. Bb2 Qc7 11. Re1 Rfd8 12. Rc1 Qb8 13. e3 b5 14. e4 dxe4 15.
Ncxe4 Nxe4 16. Bxe4 Bxe4 17. Rxe4 Bf6 18. Qe2 bxc4 19. Nxc4 c5 20. Rd1 cxd4 21.
Bxd4 Bxd4 22. Rexd4 Nf6 23. Nd6 Rc6 24. Qd2 Nd5 25. Nf5 Re8 26. Qg5 exf5 27.
Rxd5 f4 28. Rd8 Rc8 29. Rxe8+ Rxe8 30. Qxf4 Qxf4 31. gxf4 Kf8 32. Rd7 a6 33. Rd6
Ra8 34. b4 a5 35. b5 a4 36. Kf1 Rb8 37. Rd5 Ke7 38. Ke2 Ke6 39. Re5+ Kd6 40. Kd3
f6 41. Rf5 g6 42. Rxf6+ Ke7 43. Ra6 Rxb5 44. Rxa4 Rh5 45. Ra7+ Kd6 46. a4 Rxh2
47. Ke3 Kc5 48. Rb7 Kc6 49. Re7 Rh1 50. Re5 Ra1 51. a5 Ra3+ 52. Ke4 Kd6 53. Rb5
Kc6 54. Re5 Rb3 55. Rd5 Kc7 56. Rd3 Rb7 57. a6 Ra7 58. Ra3 Kd6 59. f5 gxf5+ 60.
Kxf5 Kc5 61. f4 Kb6 62. Kf6 h5 63. f5 h4 64. Kg5 Kc5 65. Ra5+ Kc4 66. Kxh4 Kb4
67. Ra1 1-0

[Event "SPICE Cup Open 2017"]
[Site "Saint Louis USA"]
[Date "2017.10.23"]
[Round "5.19"]
[White "Plotkin, Victor"]
[Black "Voelker, James"]
[Result "1/2-1/2"]
[WhiteTitle "FM"]
[WhiteElo "2262"]
[BlackElo "2098"]
[WhiteFideId "2606674"]
[BlackFideId "2018853"]
[EventDate "2017.10.21"]

1. e4 e5 2. Nf3 Nc6 3. Bc4 Nf6 4. d3 Bc5 5. O-O O-O 6. Nc3 h6 7. h3 a6 8. Be3 d6
9. a3 Nd4 10. Bxd4 Bxd4 11. Nxd4 exd4 12. Ne2 c5 13. c3 dxc3 14. Nxc3 b5 15. Bb3
Bb7 16. Re1 Re8 17. Qf3 Qc7 18. Qg3 Re7 19. Re3 c4 20. Bc2 Rae8 21. Rae1 cxd3
22. Bxd3 Nd7 23. Bb1 Ne5 24. Ba2 Nc4 25. Bxc4 bxc4 26. R3e2 Re6 27. f3 f5 28.
exf5 Qc5+ 29. Qf2 Qxf5 30. Rxe6 Rxe6 31. Rxe6 Qxe6 32. Qd4 Qe1+ 33. Kh2 Qe6 34.
Nd1 Kh8 35. Ne3 d5 36. Ng4 Qd6+ 37. Ne5 Kg8 38. f4 Qf6 39. Kg3 g5 40. fxg5 hxg5
41. Qe3 Kg7 42. Qd4 Qd6 43. Kf2 Qf6+ 44. Ke3 Kh7 45. Nf3 Qf5 46. Qe5 d4+ 47.
Kxd4 Qd3+ 48. Kc5 Bxf3 49. gxf3 Qxf3 50. Qxg5 c3 51. Qe7+ Kg8 52. Qe6+ Kh7 53.
Qe7+ Kg8 54. bxc3 Qxc3+ 55. Kb6 Qxh3 56. Kxa6 Qd3+ 57. Kb6 Qd4+ 58. Qc5 Qf6+ 59.
Ka5 Qf4 60. a4 Qd2+ 61. Kb5 Qd7+ 62. Qc6 Qf5+ 63. Kb6 Qb1+ 64. Ka7 Qg1+ 65. Ka8
Qa1 66. Qc8+ Kh7 67. Qc7+ Kh8 68. a5 Qa4 69. Qc8+ Kh7 70. a6 Kh6 71. Qe6+ Kh5
72. Qd5+ Kh4 73. Kb7 Qb4+ 74. Kc7 Qe7+ 75. Kc8 Qa3 76. Qd4+ Kh3 77. Qd7+ Kh2 78.
Qc7+ Kg1 79. Qb6+ Kh2 80. a7 Qf8+ 81. Kb7 Qf3+ 82. Qc6 Qb3+ 83. Kc7 Qf7+ 84. Qd7
Qc4+ 85. Kb6 Qb4+ 86. Qb5 Qd6+ 87. Qc6 Qb4+ 88. Kc7 Qe7+ 89. Kb8 Qb4+ 90. Kc7
Qe7+ 91. Kb6 Qb4+ 92. Qb5 Qd6+ 93. Kb7 Qe7+ 94. Ka6 Qa3+ 95. Qa5 Qd3+ 96. Kb6
Qd8+ 97. Ka6 Qc8+ 98. Kb5 Qf5+ 99. Kb4 Qb1+ 100. Kc4 Qe4+ 101. Kb3 Qb1+ 102. Ka4
Qa2+ 103. Kb5 Qd5+ 104. Ka6 Qd6+ 105. Qb6 Qd3+ 106. Kb7 Qd5+ 107. Qc6 Qb3+ 108.
Kc7 Qf7+ 109. Qd7 Qc4+ 110. Kb8 Qg8+ 111. Qc8 Qb3+ 112. Ka8 Qa4 113. Qh8+ Kg1
114. Qg7+ Kh2 115. Qe5+ Kg1 116. Qc5+ Kh2 117. Kb7 Qb3+ 118. Kc6 Qf3+ 119. Qd5
Qc3+ 120. Kd6 Qf6+ 121. Kc7 Qe7+ 122. Kb6 Qb4+ 123. Kc6 Qa4+ 124. Kb7 Qb4+ 125.
Kc8 Qf8+ 126. Qd8 Qf5+ 127. Qd7 Qf8+ 1/2-1/2

[Event "SPICE Cup Open 2017"]
[Site "Saint Louis USA"]
[Date "2017.10.23"]
[Round "5.20"]
[White "Yoo, Christopher Woojin"]
[Black "Proleiko, Julian"]
[Result "1/2-1/2"]
[WhiteTitle "FM"]
[WhiteElo "2194"]
[BlackElo "2095"]
[WhiteFideId "30909694"]
[BlackFideId "30900255"]
[EventDate "2017.10.21"]

1. e4 c6 2. d4 d5 3. Nc3 dxe4 4. Nxe4 Nd7 5. Nf3 Ngf6 6. Nxf6+ Nxf6 7. Be2 Bf5
8. O-O e6 9. c3 Bd6 10. Bd3 Bg4 11. h3 Bh5 12. Be2 Qc7 13. Ne5 Bg6 14. Nc4 Be7
15. Bf3 O-O 16. Qe2 Rac8 17. Ne5 Bd6 18. Re1 Nd7 19. Nc4 Bh2+ 20. Kh1 Bf4 21.
Bxf4 Qxf4 22. Rad1 h6 23. Qe3 Qc7 24. Ne5 Nxe5 25. dxe5 Qa5 26. Rd7 Rb8 27. a3
Qb5 28. Qd2 c5 29. Be4 Bxe4 30. Rxe4 Qb6 31. Rg4 Kh8 32. Rf4 Kg8 33. Qd6 Qxd6
34. exd6 f5 35. Rc4 Rfd8 36. Re7 b6 37. Rxe6 Rb7 38. Rf4 Kf7 39. Re5 g6 40. g4
Rxd6 41. gxf5 g5 42. Rfe4 Kf6 43. Kg2 Rbd7 44. Re3 h5 45. h4 gxh4 46. Kh3 Rd3
47. Kxh4 Rxe3 48. Rxe3 Rd2 49. b4 Rxf2 50. bxc5 bxc5 51. Rd3 Rxf5 52. Rd7 Rf4+
53. Kxh5 Ra4 54. Rc7 c4 55. Kg4 Ke5 56. Kf3 Kd5 57. Rd7+ Kc6 58. Rh7 Rxa3 59.
Ke4 Rxc3 60. Kd4 Rc1 61. Rxa7 Kb5 62. Rb7+ Ka4 63. Ra7+ Kb5 64. Rb7+ Ka5 65. Rb8
c3 66. Rb3 c2 67. Kc3 Ka4 68. Rb2 Rh1 69. Rxc2 Rh3+ 1/2-1/2

[Event "SPICE Cup Open 2017"]
[Site "Saint Louis USA"]
[Date "2017.10.23"]
[Round "5.21"]
[White "Black, James"]
[Black "Polgar-Shutzman, Tom"]
[Result "1/2-1/2"]
[WhiteElo "2164"]
[BlackElo "2055"]
[WhiteFideId "2048280"]
[BlackFideId "2064880"]
[EventDate "2017.10.21"]

1. d4 Nf6 2. c4 g6 3. Nc3 Bg7 4. e4 d6 5. Nge2 O-O 6. f3 c5 7. d5 e6 8. Ng3 exd5
9. cxd5 h5 10. Bg5 Qb6 11. Qd2 Nh7 12. Be3 Nd7 13. Be2 Qd8 14. O-O h4 15. Nh1 f5
16. exf5 gxf5 17. Nf2 Ne5 18. Nh3 Re8 19. Nf4 Bh6 20. Kh1 Ng6 21. Ne6 Bxe3 22.
Qxe3 Ngf8 23. Bc4 Qf6 24. Rfe1 a6 25. a4 Bd7 26. a5 Re7 27. Qf4 Rae8 28. Qxd6
Ng5 29. Qxc5 Ngxe6 30. dxe6 Bxe6 31. Nd5 Bxd5 32. Qxd5+ Kg7 33. Rxe7+ Rxe7 34.
Qd2 Ng6 35. Rc1 Qe5 36. Kg1 Kh7 37. Bf1 Nf4 38. b4 Rg7 39. Rc5 Nh3+ 40. Kh1 Qf4
41. Qxf4 Nf2+ 1/2-1/2

[Event "SPICE Cup Open 2017"]
[Site "Saint Louis USA"]
[Date "2017.10.23"]
[Round "5.22"]
[White "Colas, Joshua"]
[Black "Furfine, Jacob"]
[Result "1/2-1/2"]
[WhiteTitle "FM"]
[BlackTitle "CM"]
[WhiteElo "2242"]
[BlackElo "2297"]
[WhiteFideId "2044447"]
[BlackFideId "2099462"]
[EventDate "2017.10.21"]

1. Nf3 d5 2. c4 e6 3. g3 Nf6 4. Bg2 dxc4 5. Qa4+ Nbd7 6. Qxc4 c5 7. O-O Rb8 8.
Qc2 b6 9. Nc3 Bb7 10. d3 Rc8 11. Bf4 a6 12. a4 Be7 13. e4 O-O 14. Rfd1 Nb8 15.
d4 cxd4 16. Nxd4 Qe8 17. Bxb8 Rxb8 18. e5 Nd5 19. Nxd5 exd5 20. Re1 Bb4 21. Re2
Qc8 22. Rd1 Rd8 23. Qb1 Qg4 24. h3 Qg6 25. Qxg6 hxg6 26. Nc2 Bc5 27. Red2 Rbc8
28. Kh2 Rd7 29. f4 Rcd8 30. Nd4 Kf8 31. h4 Ke7 32. Rc2 f5 33. Nb3 Bb4 34. Nc1
Ke6 35. Ne2 Bc5 36. Nc1 Rc8 37. Kh3 a5 38. Nb3 g5 39. fxg5 Kxe5 40. Re2+ Kd6 41.
Red2 Ke5 42. Re2+ Kd6 43. Red2 Ke5 44. Re2+ 1/2-1/2

[Event "SPICE Cup Open 2017"]
[Site "Saint Louis USA"]
[Date "2017.10.23"]
[Round "5.23"]
[White "Tsay, Vincent"]
[Black "Guo, Arthur"]
[Result "0-1"]
[WhiteTitle "FM"]
[BlackTitle "FM"]
[WhiteElo "2265"]
[BlackElo "2219"]
[WhiteFideId "30931835"]
[BlackFideId "30903114"]
[EventDate "2017.10.21"]

1. e4 c5 2. c3 d5 3. exd5 Qxd5 4. d4 cxd4 5. cxd4 Nc6 6. Nf3 e6 7. Nc3 Qd8 8.
Be2 Nf6 9. O-O Be7 10. Be3 O-O 11. Rc1 Nb4 12. Ne5 Nbd5 13. Bf3 Bd7 14. Nxd5
Nxd5 15. Qb3 Bc6 16. Nxc6 bxc6 17. Rxc6 Rb8 18. Qa4 Rxb2 19. Qxa7 Nb4 20. Qb6
Rxa2 21. Qxd8 Rxd8 22. Rb6 Nc2 23. Rd1 Ra3 24. Rb7 Bf8 25. h3 Nxe3 26. fxe3 Rxe3
27. d5 g6 28. Kf1 Re5 29. dxe6 Rxd1+ 30. Bxd1 Rxe6 31. Bb3 Rf6+ 32. Kg1 Bc5+ 33.
Kh2 h5 34. Bc4 Rf4 35. Bd5 Rf1 36. Rb2 Bd6+ 37. g3 h4 38. Kg2 Rf5 39. Be4 Re5
40. Rd2 Be7 41. Bf3 Rg5 42. g4 Ra5 43. Re2 Bd6 44. Rd2 Bg3 45. Rc2 Kg7 46. Rd2
Kf6 47. Re2 Ra3 48. Re4 Kg5 49. Re2 f5 50. gxf5 gxf5 51. Bd5 Rd3 52. Bf3 Bd6 53.
Bc6 Rg3+ 54. Kf1 Rxh3 55. Rg2+ Kf6 56. Rd2 Bf4 57. Rf2 Ke5 58. Bb7 Rb3 59. Re2+
Be3 60. Bc6 Kf4 61. Kg2 Bd4 62. Rd2 h3+ 63. Kh2 Be5 64. Re2 Bb8 65. Re1 Kg4+ 66.
Kh1 Bg3 67. Rf1 Rb2 68. Bd7 Bf2 69. Bc6 Kg3 70. Bd5 Kf4 71. Bc6 Ke3 72. Bd5 Kf4
73. Bc6 Rd2 74. Bb7 Kg5 75. Bc6 Bg3 76. Bb7 Bc7 77. Bc6 Kg4 78. Bb7 Kg3 79. Rf3+
Kg4 80. Rf1 Bf4 81. Rg1+ Bg3 82. Rf1 Bd6 83. Bc6 Bc5 84. Bb7 f4 85. Bc6 Bf2 86.
Bb7 Kg3 87. Bc6 Rd6 88. Bb7 Rg6 89. Be4 Rh6 90. Bb7 Rh8 91. Bc6 f3 92. Bd5 Rh7
93. Be4 Rg7 94. Bd5 h2 95. Bc6 Kh3 96. Bd7+ Rxd7 97. Re1 Kg3 98. Rf1 Kf4 99.
Rxf2 Ke3 100. Ra2 f2 101. Ra3+ Ke2 102. Ra2+ Rd2 103. Ra1 Rd1+ 104. Rxd1 Kxd1
105. Kg2 h1=Q+ 106. Kxh1 f1=Q+ 107. Kh2 Qf3 108. Kg1 Ke2 109. Kh2 Qg4 110. Kh1
Kf2 111. Kh2 Qh4# 0-1

[Event "SPICE Cup Open 2017"]
[Site "Saint Louis USA"]
[Date "2017.10.23"]
[Round "5.24"]
[White "Gosdin, Kaleb"]
[Black "Wang, Jason"]
[Result "1/2-1/2"]
[BlackTitle "CM"]
[WhiteElo "2011"]
[BlackElo "2153"]
[WhiteFideId "30920442"]
[BlackFideId "30908124"]
[EventDate "2017.10.21"]

1. Nf3 d5 2. g3 Bg4 3. Bg2 Nd7 4. d3 c6 5. O-O Ngf6 6. Nbd2 e5 7. e4 Bd6 8. h3
Be6 9. Ng5 O-O 10. Qe2 Qc7 11. Kh1 Rfe8 12. Ndf3 Rad8 13. Nh4 Bf8 14. Nxe6 Rxe6
15. Nf5 Nc5 1/2-1/2

[Event "SPICE Cup Open 2017"]
[Site "Saint Louis USA"]
[Date "2017.10.23"]
[Round "5.25"]
[White "Undrahbuyan Baasanjav"]
[Black "Cervantes Landeiro, Thalia"]
[Result "0-1"]
[BlackTitle "WFM"]
[WhiteElo "2023"]
[BlackElo "2107"]
[WhiteFideId "4900235"]
[BlackFideId "3520498"]
[EventDate "2017.10.21"]

1. e4 c5 2. Nf3 d6 3. d4 cxd4 4. Nxd4 Nf6 5. Nc3 a6 6. Bc4 e6 7. f4 Qc7 8. Bb3
Nbd7 9. f5 Nc5 10. Qe2 Be7 11. Bg5 b5 12. O-O-O b4 13. Bxf6 Bxf6 14. Na4 Nxb3+
15. axb3 Bd7 16. g4 Rc8 17. h4 Be5 18. Kb1 Bxa4 19. bxa4 Qc4 20. b3 Qxe2 21.
Nxe2 Ke7 22. Nd4 Rc3 23. fxe6 fxe6 24. Rhf1 Rhc8 25. Rf2 Bg3 26. Rg2 Bxh4 27. g5
Bg3 28. Rf1 Be5 29. Nf3 Rf8 30. Nd2 Rxf1+ 31. Nxf1 Rf3 32. Nd2 Rf4 33. Kc1 Rh4
34. Kd1 Bc3 35. g6 hxg6 36. Ke2 Bxd2 37. Kxd2 Rxe4 38. Rxg6 Kf7 39. Rg5 d5 40.
c3 bxc3+ 41. Kxc3 Re3+ 42. Kc2 Kf6 43. Rg4 g5 44. Rb4 Re1 45. Kd2 Rb1 46. Kc2
Rh1 47. a5 Ra1 48. Kb2 0-1